000 00792nam a22002057a 4500
999 _c18023
_d18023
003 OSt
005 20250214062520.0
008 230325b ||||| |||| 00| 0 eng d
040 _c0
082 _aDPer 647.94068 In821 2020 v21 no. 1-4
100 _aSong, Jieun.
_eauthor.
_948218
245 _aExamining green reviews on tripadvisors:
_bcomparison between resort/luxury hotels and business/economy hotels/
_cJieun Song, Tun-min (Catherine) Jai, and Xu Li
260 _aUnited Kingdom :
_bTaylor & Francis Group,
_cApril-June 2020.
300 _aVolume 21, pages 165-187 illustration.
650 _aHotels and motels.
_948219
650 0 _aService industries.
_915189
700 _aSong, Jieun.
_eauthor.
_948218
700 _aJai, Tun-min(Catherine).
_eauthor.
_948220
942 _2ddc
_cPER